| Tag |
First Indicator |
Second Indicator |
Subfields |
| LEADER |
00000cas a2200000 4500 |
| 001 |
in00000045031 |
| 005 |
20151007065202.0 |
| 008 |
760620d19661970cauuu p 0uuua0enge |
| 010 |
|
|
|a 77008779
|
| 022 |
|
|
|a 0537-9229
|
| 035 |
|
|
|a (OCoLC)02259653
|
| 035 |
|
|
|9 AAE1466AM
|
| 040 |
|
|
|a DLC
|c PIT
|d PIT
|d COO
|d NYG
|d TXA
|d UtOrBLW
|
| 049 |
|
|
|a TXAE
|
| 050 |
|
0 |
|a TK7885.A1
|b I5
|
| 082 |
0 |
|
|a 621.3819/5/05
|
| 090 |
|
|
|a TK7885.A1
|b C58
|
| 245 |
0 |
0 |
|a Computer group news.
|
| 264 |
|
1 |
|a Los Angles, Calif. :
|b Institute of Electrical and Electronics Engineers, Computer Group.
|
| 300 |
|
|
|a 3 volumes ;
|c 29 cm.
|
| 336 |
|
|
|a text
|b txt
|2 rdacontent
|
| 337 |
|
|
|a unmediated
|b n
|2 rdamedia
|
| 338 |
|
|
|a volume
|b nc
|2 rdacarrier
|
| 362 |
0 |
|
|a v. 1-3, no. 4; July 1966-1970.
|
| 650 |
|
0 |
|a Computers
|v Periodicals.
|
| 710 |
2 |
|
|a Institute of Electrical and Electronics Engineers.
|b Computer Group.
|
| 785 |
0 |
0 |
|t Computer
|
| 999 |
|
|
|a MARS
|
| 999 |
f |
f |
|s d276f7ad-ffe6-3e3d-929f-a5da31faff4e
|i 7bd5a2b9-3981-3585-a6e7-4737386c6dd5
|t 0
|
| 952 |
f |
f |
|p ric
|a Texas A&M University
|b Rellis Campus
|c Joint Library Facility
|d Remote Storage
|t 0
|e TK7885.A1 C58
|h Library of Congress classification
|i unmediated -- volume
|k v.3:no.1-3,5-6
|l 1970:Jan./Feb.-May/June,Sept./Oct.-Nov./Dec.
|m A14834239701
|
| 952 |
f |
f |
|p ric
|a Texas A&M University
|b Rellis Campus
|c Joint Library Facility
|d Remote Storage
|t 0
|e TK7885.A1 C58
|h Library of Congress classification
|i unmediated -- volume
|k v.2:no.1-3,5-7,9-12
|l 1968:Jan.-May,Sept.-1969:Jan.,May-Nov.
|m A14834239735
|
| 952 |
f |
f |
|p ric
|a Texas A&M University
|b Rellis Campus
|c Joint Library Facility
|d Remote Storage
|t 0
|e TK7885.A1 C58
|h Library of Congress classification
|i unmediated -- volume
|k v.1:no.1,3-9
|l 1966:July,Nov.-1976:Nov.
|m A14834239769
|
| 998 |
f |
f |
|a TK7885.A1 C58
|s v.3:no.1-3 (1970:Jan./Feb.-May/June)
|t 0
|l Remote Storage
|